| 000 | 00390nam a2200145Ia 4500 | ||
|---|---|---|---|
| 008 | 231011s9999 xx 000 0 und d | ||
| 041 | _aeng | ||
| 082 | _a658.406 | ||
| 100 | _aSharan S.B. | ||
| 245 | _aOrganisational Development and Intervention Strategy | ||
| 250 | _a1st | ||
| 260 |
_bShroff Publishers & Distributers Navi Mumbai Navi Mumbai _c2015 |
||
| 300 | _a159 | ||
| 365 | _b200 | ||
| 999 |
_c908360 _d908360 |
||